000 00372nam a2200145 i 4500
001 bg
100 1 _aBIESZEK, Leon
245 0 _aRachunek operatorowy i równania różniczkowe cząstkowe /
_cLeon Bieszak.
260 _aSzczecin,
_c1979.
040 _cBPK
041 _apol
080 _a517.4+517.9](075.8)
942 _cKS
008 s pl f |000 0 pol
999 _c19573
_d19573
856 _uhttp://koha.tu.koszalin.pl/cgi-bin/koha/opac-detail.pl?biblionumber=19573
_yKatalog online BPK